000 00730cam a22002171 4500
001 ca 28000842
003 DLC
005 20260227111120.0
008 740701s1892 xx 000 0 ger
010 _aca 28000842
035 _a(OCoLC)933164
040 _aDLC
_cOU
_dDLC
042 _apremarc
050 0 0 _aBS1515
_b.R4
100 1 _aReich, Wilhelm,
_cBaden bei Wien.
245 0 0 _aJesaias.
_bExegetisch-kritische studien vorzüglich auf historischer grundlage.
_cVon Wilhelm Reich.
260 _aWien,
_bO. Frank's nachfolger,
_c1892.
300 _a4 p. l., xii, 277, [2] p.
_c24 cm.
500 _aAlso issued as v. 1 of the author's Das prophetische schrifttum.
630 0 0 _aBible.
_pIsaiah
_xCriticism, interpretation, etc.
999 _c16432
_d16432